| 000 | 00390nam a2200169Ia 4500 | ||
|---|---|---|---|
| 008 | 210210b1963 xxu||||| |||| 00| 0 eng d | ||
| 041 | _aeng | ||
| 082 | _a829/553 | ||
| 100 | _aHEMINGWAY (E) | ||
| 245 | _aSnows of Kilimanjaro | ||
| 260 |
_aVictoria _bPenguin Books _c1963 |
||
| 650 | _aSnows | ||
| 650 | _aof | ||
| 650 | _aKilimanjaro | ||
| 690 | _aEnglish Fiction | ||
| 906 | _a017153 | ||
| 999 |
_c137111 _d137111 |
||